| 000 | 00872nam a2200205 i 4500 | ||
|---|---|---|---|
| 001 | 104682 | ||
| 003 | ES-MaACL | ||
| 005 | 20230906183650.0 | ||
| 007 | t| | ||
| 008 | 051207s1983 sp |||| | spa d | ||
| 100 | 1 |
_aMiñones Trillo, José. _981398 |
|
| 245 | 1 | 0 |
_aApuntes de óptica geométrica / _cpor José Miñones Trillo _b. Bifocales y multifocales / por Fernando Guillén Quintana. |
| 246 | 3 | 0 | _aBifocales y multifocales |
| 260 |
_a[Madrid?] : _bAsociación Nacional de Farmacéuticos Especialistas en Óptica Oftálmica y Acústica Audiométrica, _c1983. |
||
| 300 |
_a2 t. en 1 v. (104 p.) : _bil. ; _c25 cm. |
||
| 650 | 4 |
_aÓptica geométrica. _9150335 |
|
| 700 | 1 |
_aGuillén Quintana, Fernando. _960790 |
|
| 710 | 2 |
_aAsociación Nacional de Farmacéuticos Especialistas en Optica Oftálmica y Acústica Audiométrica. _91757 |
|
| 852 |
_aES-MaACL _jL-5098 |
||
| 999 |
_c104682 _d104682 |
||